|
|
|
|
| LEADER |
00000nab a2200000 a 4500 |
| 001 |
vtls000554472 |
| 003 |
SK-MaSNL |
| 005 |
20260303014958.0 |
| 008 |
140302c1995 xo 0 slo |
| 015 |
|
|
|a SNBRB19rr/mm-uuuuu
|
| 035 |
|
|
|a CL0554610
|
| 040 |
|
|
|a SNKBUCL
|b slo
|c SNKBUCL
|e AACR2
|
| 041 |
0 |
|
|a slo
|
| 044 |
|
|
|a xo
|c SK
|
| 080 |
|
|
|a 371.014.543(437.6)
|2 1981
|
| 100 |
1 |
|
|a Ivanová, Oľga
|4 aut
|9 314909
|
| 245 |
1 |
0 |
|a Predovšetkým zabezpečiť výchovno-vyučovací proces
|b Hovoríme s Ing. Oľgou Ivanovou riaditeľkou sekcie financovania Ministerstva školstva SR
|c Oľga Ivanová, Anna Hološková
|
| 650 |
0 |
7 |
|a školstvo
|2 snkbucl
|9 19712
|
| 655 |
|
7 |
|a články z novín a časopisov
|2 snkbucl
|9 267496
|
| 700 |
1 |
|
|a Hološková, Anna
|4 aut
|9 270732
|
| 773 |
0 |
|
|t Učiteľské noviny
|g Roč. 45, č. 20 (1995), s. 3
|
| 850 |
|
|
|a Slovenská národná knižnica v Martine
|a MTA001
|
| 852 |
|
|
|a SNK
|b KIS3GCP
|
| 958 |
|
|
|a RK
|
| 992 |
|
|
|a RBX
|
| 999 |
|
|
|c 1610413
|d 1612343
|